<?xml version="1.0" encoding="UTF-8"?>
<record
    xmlns:xsi="http://www.w3.org/2001/XMLSchema-instance"
    xsi:schemaLocation="http://www.loc.gov/MARC21/slim http://www.loc.gov/standards/marcxml/schema/MARC21slim.xsd"
    xmlns="http://www.loc.gov/MARC21/slim">

  <leader>02215nam a2200325 a 4500</leader>
  <controlfield tag="003">OSt</controlfield>
  <controlfield tag="005">20250821134742.0</controlfield>
  <controlfield tag="008">250520b        |||||||| |||| 00| 0 eng d</controlfield>
  <datafield tag="020" ind1=" " ind2=" ">
    <subfield code="a">978-3-11-026263-6</subfield>
  </datafield>
  <datafield tag="040" ind1=" " ind2=" ">
    <subfield code="a">CHAP</subfield>
    <subfield code="c">PA</subfield>
    <subfield code="e">rda</subfield>
  </datafield>
  <datafield tag="041" ind1=" " ind2=" ">
    <subfield code="a">eng</subfield>
    <subfield code="b">eng</subfield>
    <subfield code="f">eng</subfield>
    <subfield code="h">eng</subfield>
  </datafield>
  <datafield tag="082" ind1=" " ind2=" ">
    <subfield code="a">PA 595.704</subfield>
    <subfield code="b">.B48</subfield>
  </datafield>
  <datafield tag="100" ind1=" " ind2=" ">
    <subfield code="a">Beutel, Rolf G.</subfield>
    <subfield code="e">autor</subfield>
    <subfield code="9">190390</subfield>
  </datafield>
  <datafield tag="245" ind1=" " ind2=" ">
    <subfield code="a">Insect morphology and phylogeny : </subfield>
    <subfield code="b">a textbook for students of entomology / </subfield>
    <subfield code="c">Rolf G. Beutel, Frank Friedrich, Si-Qin Ge, Xing-Ke Yang</subfield>
  </datafield>
  <datafield tag="264" ind1=" " ind2=" ">
    <subfield code="a">Berlin : </subfield>
    <subfield code="b">De Gruyter,</subfield>
    <subfield code="c">2014</subfield>
  </datafield>
  <datafield tag="300" ind1=" " ind2=" ">
    <subfield code="a">xv, 516 p&#xE1;ginas</subfield>
    <subfield code="b">ilustraciones, tablas</subfield>
  </datafield>
  <datafield tag="336" ind1=" " ind2=" ">
    <subfield code="2">rdacontent</subfield>
    <subfield code="a">texto</subfield>
    <subfield code="b">txt</subfield>
  </datafield>
  <datafield tag="337" ind1=" " ind2=" ">
    <subfield code="2">rdamedia</subfield>
    <subfield code="a">sin medio</subfield>
    <subfield code="b">n</subfield>
  </datafield>
  <datafield tag="338" ind1=" " ind2=" ">
    <subfield code="2">rdacarrier</subfield>
    <subfield code="a">volumen</subfield>
    <subfield code="b">nc</subfield>
  </datafield>
  <datafield tag="490" ind1="1" ind2=" ">
    <subfield code="a">De Gruyter graduate</subfield>
  </datafield>
  <datafield tag="505" ind1=" " ind2=" ">
    <subfield code="a">Foreword -- Acknowledgements -- Contents -- 1. Morphology -- 2. Reproduction, development and immature stages -- 3. Glossary -- 4. Traditional and modern techniques in insect morphology -- 5. Phylogenetic reconstruction based on morphology -- 6. The orders of Hexapoda -- 7. Literature -- Taxonomic Index.</subfield>
  </datafield>
  <datafield tag="520" ind1=" " ind2=" ">
    <subfield code="a">This handbook provides an in-depth treatment of insect morphology. The first part presents an up-to-date overview of insect morphology with detailed drawings, brilliant scanning electron micrographs and 3-D reconstructions as interactive PDFs. This is complemented by a chapter on innovative morphological techniques (e.g., &#xB5;-computer tomography, 3-D modeling) and a comprehensive morphological glossary. The second part treats the state of the art in insect systematics and includes taxon-specific morphological information for all orders. Systematics are treated formally, with for example the arguments for relationships ("apomorphies") always listed explicitly. The work is a useful reference for students and researchers working in different fields of biology and a must for those dealing with insects from an evolutionary perspective.</subfield>
  </datafield>
  <datafield tag="534" ind1=" " ind2=" ">
    <subfield code="p">T&#xED;tulo original:</subfield>
  </datafield>
  <datafield tag="650" ind1=" " ind2="0">
    <subfield code="a">Insectos </subfield>
    <subfield code="x"> Morfolog&#xED;a</subfield>
    <subfield code="9">170911</subfield>
  </datafield>
  <datafield tag="650" ind1=" " ind2="0">
    <subfield code="a">Insectos</subfield>
    <subfield code="x">Filogenetica</subfield>
    <subfield code="9">190395</subfield>
  </datafield>
  <datafield tag="700" ind1=" " ind2=" ">
    <subfield code="a">Friedrich, Frank</subfield>
    <subfield code="e">autor</subfield>
    <subfield code="9">190392</subfield>
  </datafield>
  <datafield tag="700" ind1=" " ind2=" ">
    <subfield code="a">Ge, Si-Qin,</subfield>
    <subfield code="e">autor</subfield>
    <subfield code="9">190393</subfield>
  </datafield>
  <datafield tag="700" ind1=" " ind2=" ">
    <subfield code="a">Yang, Xing - Ke,</subfield>
    <subfield code="e">autor</subfield>
    <subfield code="9">190394</subfield>
  </datafield>
  <datafield tag="942" ind1=" " ind2=" ">
    <subfield code="2">ddc</subfield>
    <subfield code="c">LIBRO</subfield>
  </datafield>
  <datafield tag="999" ind1=" " ind2=" ">
    <subfield code="c">220532</subfield>
    <subfield code="d">220532</subfield>
  </datafield>
  <datafield tag="952" ind1=" " ind2=" ">
    <subfield code="0">0</subfield>
    <subfield code="1">0</subfield>
    <subfield code="2">ddc</subfield>
    <subfield code="4">0</subfield>
    <subfield code="5">1</subfield>
    <subfield code="7">0</subfield>
    <subfield code="8">GRAL</subfield>
    <subfield code="a">PA</subfield>
    <subfield code="b">PA</subfield>
    <subfield code="d">2025-05-20</subfield>
    <subfield code="e">Compra</subfield>
    <subfield code="f">Libro</subfield>
    <subfield code="i">Consumo</subfield>
    <subfield code="l">0</subfield>
    <subfield code="o">PA 595.704 .B48</subfield>
    <subfield code="p">4102004109</subfield>
    <subfield code="r">2025-05-20 15:36:26</subfield>
    <subfield code="t">Ej.1</subfield>
    <subfield code="w">2025-05-20</subfield>
    <subfield code="y">LIBRO</subfield>
  </datafield>
  <datafield tag="952" ind1=" " ind2=" ">
    <subfield code="0">0</subfield>
    <subfield code="1">0</subfield>
    <subfield code="2">ddc</subfield>
    <subfield code="4">0</subfield>
    <subfield code="5">3</subfield>
    <subfield code="7">0</subfield>
    <subfield code="8">GRAL</subfield>
    <subfield code="a">PA</subfield>
    <subfield code="b">PA</subfield>
    <subfield code="d">2025-05-20</subfield>
    <subfield code="e">Compra</subfield>
    <subfield code="f">Libro</subfield>
    <subfield code="i">Consumo</subfield>
    <subfield code="l">0</subfield>
    <subfield code="o">PA 595.704 .B48</subfield>
    <subfield code="p">4102004110</subfield>
    <subfield code="r">2025-05-20 15:37:35</subfield>
    <subfield code="t">Ej.2</subfield>
    <subfield code="w">2025-05-20</subfield>
    <subfield code="y">LIBRO</subfield>
  </datafield>
  <datafield tag="952" ind1=" " ind2=" ">
    <subfield code="0">0</subfield>
    <subfield code="1">0</subfield>
    <subfield code="2">ddc</subfield>
    <subfield code="4">0</subfield>
    <subfield code="5">3</subfield>
    <subfield code="7">0</subfield>
    <subfield code="8">GRAL</subfield>
    <subfield code="a">PA</subfield>
    <subfield code="b">PA</subfield>
    <subfield code="d">2025-05-20</subfield>
    <subfield code="e">Compra</subfield>
    <subfield code="f">Libro</subfield>
    <subfield code="i">Consumo</subfield>
    <subfield code="l">0</subfield>
    <subfield code="o">PA 595.704 .B48</subfield>
    <subfield code="p">4102004111</subfield>
    <subfield code="r">2025-05-20 15:38:35</subfield>
    <subfield code="t">Ej.3</subfield>
    <subfield code="w">2025-05-20</subfield>
    <subfield code="y">LIBRO</subfield>
  </datafield>
</record>
